All Minecraft Items (A-D) - Statistics

General Stats
  • This quiz has been taken 17 times
  • The average score is 92 of 345
Answer Stats
Letter Answer % Correct
D Diamond
73%
A Andesite
60%
A Acacia Door
53%
A Acacia Fence
53%
A Acacia Wood
53%
A Apple
53%
B Bow
53%
C Coal
53%
A Acacia Boat
47%
A Acacia Button
47%
A Acacia Fence Gate
47%
A Acacia Leaves
47%
A Acacia Log
47%
A Acacia Slab
47%
A Acacia Stairs
47%
A Acacia Trapdoor
47%
B Birch Door
47%
B Birch Fence
47%
B Birch Sapling
47%
B Birch Wood
47%
B Brown Wool
47%
D Diamond Axe
47%
D Diamond Boots
47%
D Diamond Helmet
47%
D Diamond Hoe
47%
D Diamond Leggings
47%
D Diamond Shovel
47%
D Dirt
47%
A Acacia Planks
40%
A Acacia Pressure Plate
40%
A Acacia Sapling
40%
A Andesite Slab
40%
A Andesite Stairs
40%
A Arrow
40%
B Birch Boat
40%
B Birch Button
40%
B Birch Log
40%
B Birch Planks
40%
B Birch Stairs
40%
B Blue Concrete
40%
B Blue Concrete Powder
40%
B Blue Terracotta
40%
B Book
40%
B Bookshelf
40%
B Brown Concrete
40%
B Brown Concrete Powder
40%
B Brown Dye
40%
B Brown Terracotta
40%
B Bucket
40%
C Cake
40%
C Carrot
40%
C Coal Block
40%
C Cobblestone
40%
C Cobblestone Stairs
40%
C Cobblestone Wall
40%
C Cooked Porkchop
40%
C Copper Block
40%
C Crafting Table
40%
D Dark Oak Button
40%
D Deepslate
40%
D Deepslate Bricks
40%
D Diamond Block
40%
D Diamond Chestplate
40%
D Diamond Ore
40%
D Diamond Sword
40%
D Diorite
40%
D Dragon Egg
40%
A Acacia Sign
33%
A Andesite Wall
33%
B Bamboo
33%
B Beef
33%
B Beetroot
33%
B Birch Fence Gate
33%
B Birch Leaves
33%
B Birch Pressure Plate
33%
B Birch Slab
33%
B Birch Trapdoor
33%
B Blackstone
33%
B Black Terracotta
33%
B Blue Bed
33%
B Blue Carpet
33%
B Blue Glazed Terracotta
33%
B Blue Orchid
33%
B Blue Wool
33%
B Bone
33%
B Bowl
33%
B Bread
33%
B Brick
33%
B Brown Bed
33%
B Brown Carpet
33%
B Brown Glazed Terracotta
33%
B Brown Mushroom
33%
C Charcoal
33%
C Chest
33%
C Clay
33%
C Clock
33%
C Coarse Dirt
33%
C Cobblestone Slab
33%
C Command Block
33%
C Compass
33%
C Cooked Beef
33%
C Cooked Chicken
33%
C Cooked Cod
33%
C Cooked Salmon
33%
C Copper Ingot
33%
C Crimson Button
33%
C Crimson Door
33%
C Crimson Fence
33%
C Crimson Fence Gate
33%
C Crimson Planks
33%
D Dark Oak Door
33%
D Dark Oak Fence
33%
D Dark Oak Fence Gate
33%
D Dark Oak Log
33%
D Dark Oak Planks
33%
D Dark Oak Pressure Plate
33%
D Dark Oak Wood
33%
D Diamond Pickaxe
33%
D Diorite Stairs
33%
D Dragon Head
33%
A Activator Rail
27%
A Amethyst Shard
27%
A Axolotl Spawn Egg
27%
A Azalea
27%
A Azalea leaves
27%
A Azure Bluet
27%
B Baked Potato
27%
B Basalt
27%
B Bedrock
27%
B Beehive
27%
B Bee Nest
27%
B Beetroot Soup
27%
B Bell
27%
B Big Dripleaf
27%
B Birch Sign
27%
B Black Banner
27%
B Black Bed
27%
B Black Carpet
27%
B Black Concrete
27%
B Black Concrete Powder
27%
B Black Dye
27%
B Blackstone Slab
27%
B Blackstone Wall
27%
B Black Wool
27%
B Blaze Rod
27%
B Blue Banner
27%
B Blue Dye
27%
B Brewing Stand
27%
B Bricks
27%
B Brown Banner
27%
C Cactus
27%
C Campfire
27%
C Candle
27%
C Chicken
27%
C Clay Ball
27%
C Coal Ore
27%
C Cobbled Deepslate
27%
C Cod
27%
C Comparator
27%
C Cooked Mutton
27%
C Cooked Rabbit
27%
C Copper Ore
27%
C Cornflower
27%
C Cracked Nether Bricks
27%
C Crimson Hyphae
27%
C Crimson Pressure Plate
27%
C Crimson Slab
27%
C Crimson Trapdoor
27%
C Crossbow
27%
C Cut Copper
27%
C Cut Copper SLab
27%
C Cut Copper Stairs
27%
C Cyan Banner
27%
C Cyan Bed
27%
C Cyan Carpet
27%
C Cyan Dye
27%
C Cyan Terracotta
27%
C Cyan Wool
27%
D Dandelion
27%
D Dark Oak Boat
27%
D Dark Oak Leaves
27%
D Dark Oak Sapling
27%
D Dark Oak Trapdoor
27%
D Debug Stick
27%
D Deepslate Brick Slab
27%
D Deepslate Brick Stairs
27%
D Deepslate Brick Wall
27%
D Deepslate Tiles
27%
D Deepslate Tile Slab
27%
D Deepslate Tile Stairs
27%
D Deepslate Tile Wall
27%
D Diorite Slab
27%
D Diorite Wall
27%
D Dispenser
27%
D Dragon Breath
27%
D Dropper
27%
A Amethyst Block
20%
A Amethyst Cluster
20%
A Axolotl Bucket
20%
B Barrel
20%
B Barrier
20%
B Bat Spawn Egg
20%
B Beacon
20%
B Bee Spawn Egg
20%
B Beetroot Seeds
20%
B Black Glazed Terracotta
20%
B Black Shulker Box
20%
B Blackstone Stairs
20%
B Blast Furnace
20%
B Blaze Powder
20%
B Blue Candle
20%
B Blue Ice
20%
B Blue Shulker Box
20%
B Blue Stained Glass
20%
B Blue Stained Glass Pane
20%
B Bone Block
20%
B Bone Meal
20%
B Brain Coral
20%
B Brain Coral Fan
20%
B Brick Stairs
20%
B Brick Wall
20%
B Brown Candle
20%
B Brown Mushroom Block
20%
B Brown Stained Glass
20%
B Brown Stained Glass Pane
20%
B Bubble Coral
20%
B Bubble Coral Fan
20%
C Carrot on a Stick
20%
C Cartography Table
20%
C Carved Pumpkin
20%
C Chain
20%
C Chain Command Block
20%
C Chest minecart
20%
C Chicken Spawn Egg
20%
C Chiseled Quartz Block
20%
C Cobbled Deepslate Slab
20%
C Cobbled Deepslate Stairs
20%
C Cod Spawn Egg
20%
C Command Block Minecart
20%
C Composter
20%
C Conduit
20%
C Cookie
20%
C Cracked Stone Bricks
20%
C Crimson Fungus
20%
C Crimson Nylium
20%
C Crimson Sign
20%
C Crimson Stairs
20%
C Crimson Stem
20%
C Cut Red Sandstone
20%
C Cut Sandstone
20%
C Cyan Concrete
20%
C Cyan Concrete Powder
20%
C Cyan Glazed Terracotta
20%
C Cyan Shulker Box
20%
D Dark Oak Sign
20%
D Dark Oak Slab
20%
D Dark Oak Stairs
20%
D Dark Prismarine
20%
D Dark Prismarine Slab
20%
D Dark Prismarine Stairs
20%
D Daylight Detector
20%
D Dead Brain Coral
20%
D Dead Brain Coral Block
20%
D Dead Brain Coral Fan
20%
D Dead Fire Coral
20%
D Dead Fire Coral Block
20%
D Dead Fire Coral Fan
20%
D Dead Horn Coral
20%
D Dead Horn Coral Block
20%
D Dead Horn Coral Fan
20%
D Deepslate Coal Ore
20%
D Deepslate Diamond Ore
20%
D Deepslate Emerald Ore
20%
D Deepslate Gold Ore
20%
D Deepslate Iron Ore
20%
D Deepslate Lapis Ore
20%
D Deepslate Redstone Ore
20%
D Diamond Horse Armor
20%
D Dried Kelp
20%
D Dripstone Block
20%
D Drowned Spawn Egg
20%
A Allium
13%
A Ancient Debris
13%
A Anvil
13%
A Armor Stand
13%
B Black Candle
13%
B Black Stained Glass
13%
B Black Stained Glass Pane
13%
B Blaze Spawn Egg
13%
B Brain Coral Block
13%
B Brick Slab
13%
B Brown Shulker Box
13%
B Bubble Coral Block
13%
C Calcite
13%
C Cat Spawn Egg
13%
C Cauldron
13%
C Cave Spider Spawn Egg
13%
C Chainmail Boots
13%
C Chainmail Chestplate
13%
C Chainmail Helmet
13%
C Chainmail Leggings
13%
C Chiseled Deepslate
13%
C Chiseled Nether Bricks
13%
C Chiseled Polished Blackstone
13%
C Chiseled Red Sandstone
13%
C Chiseled Sandstone
13%
C Chiseled Stone Bricks
13%
C Chorus Flower
13%
C Chorus Fruit
13%
C Cobbled Deepslate Wall
13%
C Cobweb
13%
C Cocoa Beans
13%
C Cod Bucket
13%
C Creeper Banner Pattern
13%
C Creeper Head
13%
C Creeper Spawn Egg
13%
C Crimson Roots
13%
C Cut Red Sandstone Slab
13%
C Cut Sandstone Slab
13%
C Cyan Candle
13%
C Cyan Stained Glass
13%
C Cyan Stained Glass Pane
13%
D Dead Bubble Coral
13%
D Dead Bubble Coral Block
13%
D Dead Bubble Coral Fan
13%
D Dead Bush
13%
D Dead Tube Coral
13%
D Dead Tube Coral Block
13%
D Dead Tube Coral Fan
13%
D Deepslate Copper Ore
13%
D Detector Rail
13%
D Donkey Spawn Egg
13%
D Dried Kelp Block
13%
B Budding Amethyst
7%
B Bundle
7%
C Chipped Anvil
7%
C Chorus Plant
7%
C Cow Spawn Egg
7%
C Cracked Deepslate Tiles
7%
C Cracked Polished Blackstone Bricks
7%
C Crying Obsidian
7%
D Damaged Anvil
7%
D Dirt Path
7%
D Dolphin Spawn Egg
7%
No matching quizzes found
Score Distribution
Percent of People with Each Score
Percentile by Number Answered
Your Score History
You have not taken this quiz